[Event "RF-2014-0-00179"]
[Site "LSS email"]
[Date "2014.03.05"]
[Round "?"]
[White "Morin Montoya, Heron"]
[Black "Kramskoi, Vasyl"]
[Result "0-1"]
[WhiteElo "1399"]
[BlackElo "1078"]
[PlyCount "28"]
[EventDate "2014.01.16"]
[EventType "tourn (corr)"]
[EventRounds "6"]
[EventCountry "GER"]
[SourceTitle "Corr 2022"]
[Source "ChessBase"]
[SourceDate "2021.10.24"]
[SourceVersion "1"]
[SourceVersionDate "2021.10.24"]
[SourceQuality "1"]

1. e4 c5 2. d4 cxd4 3. c3 g6 4. cxd4 d5 5. e5 Nc6 6. Nf3 Bg4 7. Be2 Qb6 8. Nc3 e6 9. 0-0 Bxf3 10. Bxf3 Qxd4 11. Qxd4 Nxd4 12. Be3 Nxf3+ 13. gxf3 Nh6 14. Rac1 a6 0-1

[Event "RF-2014-0-00179"]
[Site "LSS email"]
[Date "2014.03.05"]
[Round "?"]
[White "Morin Montoya, Heron"]
[Black "Lombardi, Donato"]
[Result "0-1"]
[WhiteElo "1399"]
[BlackElo "961"]
[PlyCount "24"]
[EventDate "2014.01.16"]
[EventType "tourn (corr)"]
[EventRounds "6"]
[EventCountry "GER"]
[SourceTitle "Corr 2022"]
[Source "ChessBase"]
[SourceDate "2021.10.24"]
[SourceVersion "1"]
[SourceVersionDate "2021.10.24"]
[SourceQuality "1"]

1. e4 e6 2. d4 d5 3. e5 c5 4. c3 Nc6 5. Nf3 Qb6 6. a3 Bd7 7. b4 cxd4 8. cxd4 Nge7 9. Be2 Nf5 10. Bb2 Be7 11. 0-0 0-0 12. Nc3 Nfxd4 0-1

[Event "ZL-2013-0-01271"]
[Site "LSS email"]
[Date "2013.03.08"]
[Round "?"]
[White "Hlavinkova, Libuska"]
[Black "Morin Montoya, Heron"]
[Result "1-0"]
[WhiteElo "1542"]
[BlackElo "1024"]
[PlyCount "35"]
[EventDate "2013.02.26"]
[EventType "match (corr)"]
[EventRounds "2"]
[EventCountry "GER"]
[SourceTitle "Corr 2015"]
[Source "ChessBase"]
[SourceDate "2015.07.17"]
[SourceVersion "1"]
[SourceVersionDate "2015.07.17"]
[SourceQuality "1"]

1. e4 e5 2. Nf3 Nf6 3. d4 Nxe4 4. Bd3 d5 5. Nxe5 Nd7 6. Nxd7 Bxd7 7. 0-0 Be7 8. c4 c6 9. cxd5 cxd5 10. Nc3 Nf6 11. Qf3 Be6 12. Bf4 0-0 13. Rfe1 Rc8 14. h3 a6 15. Rad1 b5 16. a4 Qb6 17. axb5 Bb4 18. bxa6 1-0

[Event "OP-2011-0-01687"]
[Site "LSS email"]
[Date "2011.07.28"]
[Round "?"]
[White "Moreno Roman, Alejandro"]
[Black "Morin Montoya, Heron"]
[Result "1-0"]
[WhiteElo "1234"]
[BlackElo "1032"]
[PlyCount "47"]
[EventDate "2011.07.27"]
[EventType "tourn (corr)"]
[EventRounds "4"]
[EventCountry "GER"]
[SourceTitle "Telechess CBM 151"]
[Source "ChessBase"]
[SourceDate "2012.11.13"]
[SourceVersion "1"]
[SourceVersionDate "2012.11.13"]
[SourceQuality "1"]

1. c4 e5 2. Nc3 Nf6 3. Nf3 Nc6 4. d4 exd4 5. Nxd4 Nxd4 6. Qxd4 b6 7. Bg5 Be7 8. e4 c5 9. Qd1 Bb7 10. Bd3 d6 11. 0-0 0-0 12. Qc2 Ng4 13. Bxe7 Qxe7 14. Nd5 Bxd5 15. exd5 Qe5 16. g3 Qh5 17. h4 g5 18. Bf5 Ne5 19. hxg5 Rae8 20. b3 f6 21. Be6+ Kg7 22. Qd1 Qxg5 23. Kg2 h5 24. f4 1-0

[Event "OP-2011-0-01687"]
[Site "LSS email"]
[Date "2011.07.28"]
[Round "?"]
[White "Vontina, Maria"]
[Black "Morin Montoya, Heron"]
[Result "1-0"]
[WhiteElo "800"]
[BlackElo "1032"]
[PlyCount "81"]
[EventDate "2011.07.27"]
[EventType "tourn (corr)"]
[EventRounds "4"]
[EventCountry "GER"]
[SourceTitle "Telechess CBM 151"]
[Source "ChessBase"]
[SourceDate "2012.11.13"]
[SourceVersion "1"]
[SourceVersionDate "2012.11.13"]
[SourceQuality "1"]

1. e4 e5 2. Nf3 Nc6 3. Bb5 a6 4. Ba4 Nf6 5. 0-0 Be7 6. Re1 b5 7. Bb3 d6 8. h3 Na5 9. c3 Nxb3 10. Qxb3 0-0 11. d4 Be6 12. Qc2 exd4 13. cxd4 d5 14. e5 Ne4 15. Nc3 Bf5 16. Qe2 c6 17. a3 Qd7 18. Bf4 Bxh3 19. Nxe4 dxe4 20. Qxe4 Qg4 21. Bg3 Qxe4 22. Rxe4 Bf5 23. Ree1 Rac8 24. Rac1 f6 25. Nh4 fxe5 26. Nxf5 Rxf5 27. Bxe5 Bg5 28. Rcd1 Rcf8 29. Rf1 c5 30. Bd6 R8f7 31. dxc5 Bf4 32. Bxf4 Rxf4 33. b4 Ra7 34. Rd8+ Rf8 35. Rfd1 Rxd8 36. Rxd8+ Kf7 37. Kf1 Ke6 38. Rd6+ Ke5 39. g3 a5 40. Rb6 axb4 41. axb4 1-0

[Event "RN-2011-0-00368"]
[Site "LSS email"]
[Date "2011.04.08"]
[Round "?"]
[White "Morin Montoya, Heron"]
[Black "Vontina, Maria"]
[Result "1-0"]
[WhiteElo "1001"]
[BlackElo "652"]
[PlyCount "43"]
[EventDate "2011.03.27"]
[EventType "tourn (corr)"]
[EventRounds "6"]
[EventCountry "GER"]
[SourceTitle "Telechess CBM 147"]
[Source "ChessBase"]
[SourceDate "2012.03.16"]
[SourceVersion "1"]
[SourceVersionDate "2012.03.16"]
[SourceQuality "1"]

1. e4 e6 2. d4 d5 3. e5 c5 4. Nf3 Nc6 5. c3 Qb6 6. Be2 Nge7 7. Na3 Ng6 8. Bd3 cxd4 9. cxd4 Nxd4 10. Nxd4 Bd7 11. Nf3 Bb4+ 12. Bd2 Be7 13. Rb1 a6 14. 0-0 0-0 15. Nc2 Rac8 16. Ncd4 Bc5 17. Be3 Qa5 18. Nb3 Qxa2 19. Bxc5 Rxc5 20. Nxc5 Bc6 21. Qd2 d4 22. Nxd4 1-0

[Event "RN-2011-0-00368"]
[Site "LSS email"]
[Date "2011.04.08"]
[Round "?"]
[White "Smith, Harry E"]
[Black "Morin Montoya, Heron"]
[Result "0-1"]
[WhiteElo "563"]
[BlackElo "1001"]
[PlyCount "74"]
[EventDate "2011.03.27"]
[EventType "tourn (corr)"]
[EventRounds "6"]
[EventCountry "GER"]
[SourceTitle "Telechess CBM 147"]
[Source "ChessBase"]
[SourceDate "2012.03.16"]
[SourceVersion "1"]
[SourceVersionDate "2012.03.16"]
[SourceQuality "1"]

1. e4 c5 2. Nf3 d6 3. g3 Nc6 4. Bg2 Nf6 5. d3 e6 6. 0-0 Be7 7. Nbd2 0-0 8. c3 Bd7 9. Re1 Qc7 10. Nc4 b5 11. Ne3 a5 12. Nc2 d5 13. e5 Ng4 14. h3 Ngxe5 15. Bf4 Bd6 16. Bxe5 Nxe5 17. d4 Ng6 18. Ne3 c4 19. Nd2 f5 20. Nf3 f4 21. Nf1 fxg3 22. Nxg3 Bxg3 23. fxg3 Qxg3 24. Re3 Nf4 25. Qf1 Nxh3+ 26. Kh1 Nf2+ 27. Kg1 Ng4 28. Re2 Rxf3 29. Qxf3 Qh2+ 30. Kf1 Rf8 31. Qxf8+ Kxf8 32. Bxd5 Qf4+ 33. Ke1 exd5 34. Rd1 Nh2 35. Rf2 Nf3+ 36. Kf1 Bh3+ 37. Ke2 Qe4# 0-1

[Event "LSS RF-2010-0-00065"]
[Site "LSS email"]
[Date "2010.12.26"]
[Round "?"]
[White "Hilton, Stephen H"]
[Black "Morin Montoya, Heron"]
[Result "0-1"]
[WhiteElo "947"]
[BlackElo "953"]
[PlyCount "74"]
[EventDate "2010.11.15"]
[EventType "tourn (corr)"]
[EventRounds "6"]
[EventCountry "GER"]
[SourceTitle "Telechess CBM 145"]
[Source "Chessbase"]
[SourceDate "2011.11.11"]
[SourceVersion "1"]
[SourceVersionDate "2011.11.11"]
[SourceQuality "1"]

1. Nf3 Nf6 2. c4 e6 3. g3 d5 4. Bg2 c5 5. 0-0 Nc6 6. b3 Be7 7. Bb2 0-0 8. cxd5 Nxd5 9. d3 b6 10. Nbd2 Bb7 11. Nc4 b5 12. Nce5 Nxe5 13. Bxe5 Bf6 14. Rc1 Rc8 15. Qd2 Qe7 16. Rc2 Rfd8 17. Rfc1 Nb4 18. Rb2 Bxf3 19. Bxf6 Qxf6 20. Bxf3 Nxd3 21. exd3 Qxf3 22. Qg5 Rxd3 23. Rd2 Rxd2 24. Qxd2 Qd5 25. Qa5 Qb7 26. Rxc5 a6 27. a4 bxa4 28. Qxa4 Rd8 29. Rc1 g6 30. Qa5 Rd5 31. Qa4 Rb5 32. Rc3 Rd5 33. Rc1 Rd3 34. b4 Rd4 35. Rb1 h5 36. Qa5 h4 37. gxh4 Rg4+ 0-1

[Event "LSS RF-2010-0-00065"]
[Site "LSS email"]
[Date "2010.12.19"]
[Round "?"]
[White "Lauer, Fredric"]
[Black "Morin Montoya, Heron"]
[Result "0-1"]
[WhiteElo "918"]
[BlackElo "953"]
[PlyCount "94"]
[EventDate "2010.11.15"]
[EventType "tourn (corr)"]
[EventRounds "6"]
[EventCountry "GER"]
[SourceTitle "Telechess CBM 145"]
[Source "Chessbase"]
[SourceDate "2011.11.11"]
[SourceVersion "1"]
[SourceVersionDate "2011.11.11"]
[SourceQuality "1"]

1. e4 e5 2. Nf3 Nc6 3. Bb5 a6 4. Bxc6 dxc6 5. 0-0 Bg4 6. h3 h5 7. d3 Qf6 8. Nbd2 Ne7 9. Re1 Ng6 10. d4 Nf4 11. hxg4 hxg4 12. g3 Qh6 13. Nh4 Qh5 14. Nc4 Ng6 15. Kg2 Nxh4+ 16. gxh4 Qxh4 17. Rh1 Qxh1+ 18. Qxh1 Rxh1 19. Kxh1 exd4 20. Bf4 0-0-0 21. Kg2 g6 22. Rd1 f5 23. exf5 gxf5 24. c3 c5 25. Ne5 Bg7 26. cxd4 cxd4 27. Nd3 b6 28. Nb4 Kb7 29. Nd3 c5 30. b3 Kc6 31. Ne5+ Kd5 32. Nd3 b5 33. Re1 Bf6 34. f3 gxf3+ 35. Kxf3 a5 36. Bc7 Rh8 37. Nf4+ Kc6 38. Bxa5 Bg5 39. Re6+ Kd7 40. Re5 Ra8 41. Bb6 Bxf4 42. Kxf4 Rxa2 43. Kxf5 Rf2+ 44. Ke4 Re2+ 45. Kf4 Rxe5 46. Kxe5 d3 47. Ba5 b4 0-1

[Event "ZN-2010-0-01171"]
[Site "LSS email"]
[Date "2010.10.01"]
[Round "?"]
[White "Lauer, Fredric"]
[Black "Morin Montoya, Heron"]
[Result "0-1"]
[WhiteElo "996"]
[BlackElo "932"]
[PlyCount "62"]
[EventDate "2010.09.25"]
[EventType "match (corr)"]
[EventRounds "2"]
[EventCountry "GER"]
[SourceTitle "Telechess CBM 143"]
[Source "ChessBase"]
[SourceDate "2011.07.15"]
[SourceVersion "1"]
[SourceVersionDate "2011.07.15"]
[SourceQuality "1"]

1. e4 e5 2. Nf3 Nc6 3. Bb5 a6 4. Bxc6 dxc6 5. 0-0 Bg4 6. h3 h5 7. d3 Qf6 8. Nbd2 0-0-0 9. Re1 Bc5 10. Nb3 Bxf3 11. Qxf3 Qxf3 12. gxf3 Bb6 13. Be3 Ne7 14. a4 Bxe3 15. Rxe3 b6 16. a5 Kb7 17. Ra4 g5 18. Kg2 Ng6 19. Kh2 Nf4 20. Nd2 g4 21. h4 b5 22. Ra3 Rdg8 23. c4 gxf3 24. Rxf3 Rg2+ 25. Kh1 Rhg8 26. Rg3 R8xg3 27. fxg3 Rxd2 28. gxf4 exf4 29. Rb3 Re2 30. Kg1 Re3 31. Kf2 Rh3 0-1

[Event "OP-2010-0-01269"]
[Site "LSS email"]
[Date "2010.09.22"]
[Round "?"]
[White "Morin Montoya, Heron"]
[Black "Venturas, Bob"]
[Result "1-0"]
[WhiteElo "953"]
[BlackElo "648"]
[PlyCount "21"]
[EventDate "2010.09.16"]
[EventType "tourn (corr)"]
[EventRounds "4"]
[EventCountry "GER"]
[SourceTitle "Corr 2015"]
[Source "ChessBase"]
[SourceDate "2015.07.17"]
[SourceVersion "1"]
[SourceVersionDate "2015.07.17"]
[SourceQuality "1"]

1. e4 e5 2. Nf3 Nc6 3. Bc4 h6 4. c3 Na5 5. Bxf7+ Kxf7 6. Nxe5+ Ke8 7. Qh5+ Ke7 8. Ng6+ Kd6 9. Nxh8 Qf6 10. Ng6 c5 11. e5+ 1-0

[Event "OP-2010-0-01269"]
[Site "LSS email"]
[Date "2010.09.22"]
[Round "?"]
[White "Mraz, Andrew"]
[Black "Morin Montoya, Heron"]
[Result "0-1"]
[WhiteElo "1646"]
[BlackElo "1445"]
[PlyCount "92"]
[EventDate "2010.09.16"]
[EventType "tourn (corr)"]
[EventRounds "4"]
[EventCountry "GER"]
[SourceTitle "Corr 2022"]
[Source "ChessBase"]
[SourceDate "2021.10.24"]
[SourceVersion "1"]
[SourceVersionDate "2021.10.24"]
[SourceQuality "1"]

1. e4 e5 2. Nf3 Nc6 3. Bb5 a6 4. Bxc6 dxc6 5. 0-0 Bg4 6. d3 Bc5 7. Be3 Bxe3 8. fxe3 Nf6 9. Qe1 Qd6 10. Qg3 Bxf3 11. Rxf3 Nh5 12. Qg5 g6 13. Nd2 f6 14. Qh4 0-0-0 15. g4 Ng7 16. Qxf6 Nf5 17. Qxd6 Nxd6 18. Raf1 Kd7 19. d4 Rhe8 20. Re1 b5 21. g5 Re7 22. d5 c5 23. Ref1 c6 24. Rf6 Kc7 25. b3 Rdd7 26. Kg2 h6 27. Rxg6 hxg5 28. Rff6 Rf7 29. Kg3 Rxf6 30. Rxf6 Rg7 31. Re6 cxd5 32. exd5 Nf5+ 33. Kf2 Rf7 34. Rxa6 Kb7 35. Ra5 Kb6 36. Ra8 Nd4+ 37. Kg2 Nxc2 38. e4 Kb7 39. Re8 Ne3+ 40. Kg3 c4 41. bxc4 bxc4 42. Rxe5 c3 43. Nb3 c2 44. Rxg5 Nf1+ 45. Kh3 Rf3+ 46. Kg4 Nxh2+ 0-1

[Event "LSS RN-2010-0-00305"]
[Site "LSS email"]
[Date "2010.07.30"]
[Round "?"]
[White "Morin Montoya, Heron"]
[Black "Verich, Oleg"]
[Result "1-0"]
[WhiteElo "917"]
[BlackElo "953"]
[PlyCount "57"]
[EventDate "2010.07.12"]
[EventType "tourn (corr)"]
[EventRounds "6"]
[EventCountry "GER"]
[SourceTitle "Telechess CBM 143"]
[Source "ChessBase"]
[SourceDate "2011.07.15"]
[SourceVersion "1"]
[SourceVersionDate "2011.07.15"]
[SourceQuality "1"]

1. e4 e5 2. Nf3 Nc6 3. Bc4 Nf6 4. d4 exd4 5. 0-0 d6 6. c3 Be7 7. cxd4 Nxe4 8. Re1 d5 9. Bd3 f5 10. Nc3 0-0 11. Qb3 Nxc3 12. bxc3 Bf6 13. Bf4 b6 14. Re2 Na5 15. Qc2 Be7 16. Rae1 Bf6 17. Bxf5 Bxf5 18. Qxf5 Nc4 19. Qh5 g6 20. Qg4 Kg7 21. h4 h5 22. Qg3 c5 23. Ng5 Bxg5 24. Bxg5 Qc8 25. Re6 Rg8 26. Bf6+ Kf8 27. Qg5 Qd7 28. Qh6+ Rg7 29. Re7 1-0

[Event "LSS RN-2010-0-00305"]
[Site "LSS email"]
[Date "2010.07.30"]
[Round "?"]
[White "Morin Montoya, Heron"]
[Black "Vontina, Maria"]
[Result "1-0"]
[WhiteElo "942"]
[BlackElo "637"]
[PlyCount "29"]
[EventDate "2010.07.12"]
[EventType "tourn (corr)"]
[EventRounds "6"]
[EventCountry "GER"]
[SourceTitle "Corr 2015"]
[Source "ChessBase"]
[SourceDate "2015.07.17"]
[SourceVersion "1"]
[SourceVersionDate "2015.07.17"]
[SourceQuality "1"]

1. e4 c5 2. d4 cxd4 3. c3 dxc3 4. Nxc3 Nc6 5. Nf3 d6 6. Bc4 Nf6 7. 0-0 Bg4 8. Qb3 Bh5 9. Ng5 Na5 10. Bxf7+ Bxf7 11. Qxf7+ Kd7 12. Qe6+ Ke8 13. Nf7 Qd7 14. Qxd7+ Kxd7 15. Nxh8 1-0

[Event "LSS RN-2010-0-00305"]
[Site "LSS email"]
[Date "2010.07.30"]
[Round "?"]
[White "Pegado, Sergio Rodrigo"]
[Black "Morin Montoya, Heron"]
[Result "1/2-1/2"]
[WhiteElo "943"]
[BlackElo "896"]
[PlyCount "50"]
[EventDate "2010.07.12"]
[EventType "tourn (corr)"]
[EventRounds "6"]
[EventCountry "GER"]
[SourceTitle "Telechess CBM 143"]
[Source "ChessBase"]
[SourceDate "2011.07.15"]
[SourceVersion "1"]
[SourceVersionDate "2011.07.15"]
[SourceQuality "1"]

1. e4 e5 2. Nf3 Nc6 3. a3 Nf6 4. Nc3 d5 5. Bb5 Bg4 6. exd5 Nxd5 7. Qe2 f6 8. d4 Nxc3 9. bxc3 Bxf3 10. Qxf3 Qd6 11. d5 a6 12. dxc6 axb5 13. cxb7 Rb8 14. c4 Qd4 15. Qc6+ Kd8 16. Bb2 Qxb2 17. Rd1+ Bd6 18. Rxd6+ cxd6 19. Qxd6+ Ke8 20. Qxb8+ Kd7 21. Qxh8 Qc1+ 22. Ke2 Qxc2+ 23. Kf3 Qd3+ 24. Kg4 Qg6+ 25. Kh3 Qh6+ 1/2-1/2

[Event "ZN-2010-0-01067"]
[Site "LSS email"]
[Date "2010.06.06"]
[Round "?"]
[White "Morin Montoya, Heron"]
[Black "Venturas, Bob"]
[Result "1-0"]
[WhiteElo "802"]
[BlackElo "679"]
[PlyCount "77"]
[EventDate "2010.05.30"]
[EventType "match (corr)"]
[EventRounds "2"]
[EventCountry "GER"]
[SourceTitle "Telechess CBM 141"]
[Source "ChessBase"]
[SourceDate "2011.03.17"]
[SourceVersion "1"]
[SourceVersionDate "2011.03.17"]
[SourceQuality "1"]

1. e4 e5 2. Nf3 Nc6 3. Bc4 h6 4. c3 Bc5 5. d4 exd4 6. cxd4 Bb4+ 7. Nc3 Nf6 8. 0-0 0-0 9. Qb3 Bxc3 10. bxc3 Na5 11. Qa4 Nc6 12. Re1 d6 13. Ba3 Bd7 14. Qc2 Bg4 15. Nh4 Bh5 16. e5 Nh7 17. e6 Qxh4 18. Re4 Bg6 19. exf7+ Kh8 20. Rxh4 Bxc2 21. Re1 Ng5 22. d5 Na5 23. Re7 Nxf7 24. Rxc7 Rae8 25. g3 Ne5 26. Be2 Nf3+ 27. Bxf3 Rxf3 28. Kg2 Rf5 29. c4 Rd8 30. Bb4 Nxc4 31. Rhxc4 Bb1 32. Bc3 Rg8 33. a4 Ba2 34. Rg4 Bxd5+ 35. Kg1 Rg5 36. Rxg5 hxg5 37. Rd7 Bc6 38. Rxd6 Bxa4 39. Rh6# 1-0

[Event "ZN-2010-0-01067"]
[Site "LSS email"]
[Date "2010.06.06"]
[Round "?"]
[White "Venturas, Bob"]
[Black "Morin Montoya, Heron"]
[Result "1-0"]
[WhiteElo "652"]
[BlackElo "795"]
[PlyCount "49"]
[EventDate "2010.05.30"]
[EventType "match (corr)"]
[EventRounds "2"]
[EventCountry "GER"]
[SourceTitle "Telechess CBM 141"]
[Source "ChessBase"]
[SourceDate "2011.03.17"]
[SourceVersion "1"]
[SourceVersionDate "2011.03.17"]
[SourceQuality "1"]

1. d4 d5 2. Nc3 e6 3. a3 Nf6 4. h3 c5 5. dxc5 Bxc5 6. Nf3 Nc6 7. Bf4 0-0 8. e3 Re8 9. Bd3 e5 10. Bxh7+ Nxh7 11. Bg3 d4 12. Ne4 Bb6 13. 0-0 Bf5 14. Qd3 Qc7 15. exd4 Rad8 16. c3 Nf6 17. Nxf6+ gxf6 18. Qxf5 Re6 19. Qg4+ Kf8 20. Nh4 Qd7 21. Rae1 exd4 22. Nf5 Ne7 23. Qg7+ Ke8 24. Qh8+ Ng8 25. Qxg8# 1-0

[Event "LSS RF-2010-0-00049"]
[Site "LSS email"]
[Date "2010.06.04"]
[Round "?"]
[White "Morin Montoya, Heron"]
[Black "Checa, Nicholas de T"]
[Result "0-1"]
[WhiteElo "815"]
[BlackElo "1148"]
[PlyCount "42"]
[EventDate "2010.04.12"]
[EventType "tourn (corr)"]
[EventRounds "6"]
[EventCountry "GER"]
[SourceTitle "Telechess CBM 141"]
[Source "ChessBase"]
[SourceDate "2011.03.17"]
[SourceVersion "1"]
[SourceVersionDate "2011.03.17"]
[SourceQuality "1"]

1. e4 c6 2. d4 d5 3. Nc3 dxe4 4. Nxe4 Nd7 5. Nf3 Ngf6 6. Nxf6+ Nxf6 7. c4 Bg4 8. Be2 e6 9. 0-0 Qb6 10. b3 Rd8 11. Bb2 c5 12. d5 exd5 13. Bxf6 Qxf6 14. Qc2 d4 15. Qe4+ Qe6 16. Qxb7 Bd6 17. Qxa7 0-0 18. Rfe1 Qh6 19. g3 d3 20. Bd1 Qf6 21. Qb7 Qxa1 0-1

[Event "LSS RF-2010-0-00049"]
[Site "LSS email"]
[Date "2010.06.04"]
[Round "?"]
[White "Morin Montoya, Heron"]
[Black "Lauer, Fredric"]
[Result "0-1"]
[WhiteElo "788"]
[BlackElo "1101"]
[PlyCount "58"]
[EventDate "2010.04.12"]
[EventType "tourn (corr)"]
[EventRounds "6"]
[EventCountry "GER"]
[SourceTitle "Telechess CBM 141"]
[Source "ChessBase"]
[SourceDate "2011.03.17"]
[SourceVersion "1"]
[SourceVersionDate "2011.03.17"]
[SourceQuality "1"]

1. e4 c5 2. d4 cxd4 3. c3 dxc3 4. Nxc3 Nc6 5. Nf3 e6 6. Bc4 Qc7 7. 0-0 Nf6 8. Qe2 Ng4 9. Nb5 Qb8 10. g3 a6 11. Nc3 Nge5 12. Bf4 Bd6 13. Nxe5 Bxe5 14. Bxe5 Nxe5 15. Rac1 Nxc4 16. Qxc4 b5 17. Qe2 0-0 18. Rfd1 Bb7 19. Rxd7 Rd8 20. Rxd8+ Qxd8 21. Rd1 Qc7 22. Qd3 h6 23. Rc1 Qe7 24. a3 Rd8 25. Qe3 b4 26. Na4 bxa3 27. bxa3 Rc8 28. Nc3 Qxa3 29. h4 Bxe4 0-1

[Event "ZL-2010-0-00718"]
[Site "LSS email"]
[Date "2010.06.04"]
[Round "?"]
[White "Sukhanitskij, Stanislav"]
[Black "Morin Montoya, Heron"]
[Result "1-0"]
[WhiteElo "1843"]
[BlackElo "785"]
[PlyCount "61"]
[EventDate "2010.05.16"]
[EventType "match (corr)"]
[EventRounds "2"]
[EventCountry "GER"]
[SourceTitle "Telechess CBM 141"]
[Source "ChessBase"]
[SourceDate "2011.03.17"]
[SourceVersion "1"]
[SourceVersionDate "2011.03.17"]
[SourceQuality "1"]

1. e4 e5 2. f4 d5 3. exd5 e4 4. d3 Qxd5 5. Nc3 Bb4 6. Bd2 Bxc3 7. Bxc3 Nf6 8. Bxf6 gxf6 9. dxe4 Qxe4+ 10. Qe2 f5 11. 0-0-0 Qxe2 12. Bxe2 Be6 13. Nf3 Nd7 14. Nh4 0-0-0 15. Bd3 Bxa2 16. b3 Nc5 17. Bxf5+ Kb8 18. Kb2 Na4+ 19. bxa4 Bd5 20. Rhe1 c6 21. Re7 f6 22. Bxh7 Rhe8 23. Rde1 Rxe7 24. Rxe7 a6 25. g4 b5 26. a5 c5 27. g5 fxg5 28. fxg5 c4 29. g6 Rh8 30. Kc3 b4+ 31. Kxb4 1-0

[Event "LSS RF-2010-0-00049"]
[Site "LSS email"]
[Date "2010.06.04"]
[Round "?"]
[White "Yangibayev, Rustam"]
[Black "Morin Montoya, Heron"]
[Result "0-1"]
[WhiteElo "683"]
[BlackElo "812"]
[PlyCount "72"]
[EventDate "2010.04.12"]
[EventType "tourn (corr)"]
[EventRounds "6"]
[EventCountry "GER"]
[SourceTitle "Telechess CBM 141"]
[Source "ChessBase"]
[SourceDate "2011.03.17"]
[SourceVersion "1"]
[SourceVersionDate "2011.03.17"]
[SourceQuality "1"]

1. d4 d5 2. c4 e6 3. Nc3 Nf6 4. Nf3 Nc6 5. Bg5 Be7 6. e3 a6 7. Be2 0-0 8. 0-0 h6 9. Bf4 Re8 10. cxd5 exd5 11. Rc1 Bf5 12. Qb3 Rb8 13. Qd1 Ne4 14. h3 Qd7 15. Na4 b5 16. Nc3 Rbd8 17. a3 Ng5 18. Nxg5 hxg5 19. Bh2 b4 20. axb4 Nxb4 21. Ra1 Qc8 22. Bf3 c6 23. Be2 Qb7 24. Qd2 c5 25. Bf3 Bd3 26. Rfe1 Nc2 27. Rab1 Nxe1 28. Qxe1 Bxb1 29. Qxb1 cxd4 30. exd4 Bb4 31. Qc1 Qc6 32. Bg3 Bxc3 33. bxc3 a5 34. Qxg5 a4 35. Be5 f6 36. Qg4 fxe5 0-1

[Event "LSS RF-2010-0-00048"]
[Site "LSS email"]
[Date "2010.05.25"]
[Round "?"]
[White "Morin Montoya, Heron"]
[Black "Slavin, Pablo"]
[Result "0-1"]
[WhiteElo "942"]
[BlackElo "1117"]
[PlyCount "58"]
[EventDate "2010.03.19"]
[EventType "tourn (corr)"]
[EventRounds "6"]
[EventCountry "GER"]
[SourceTitle "Telechess CBM 147"]
[Source "ChessBase"]
[SourceDate "2012.03.16"]
[SourceVersion "1"]
[SourceVersionDate "2012.03.16"]
[SourceQuality "1"]

1. e4 d6 2. d4 g6 3. c4 Bg7 4. Nf3 Nf6 5. Nc3 0-0 6. Be2 e5 7. d5 Nbd7 8. b4 b6 9. 0-0 a5 10. b5 Nc5 11. Qc2 Bg4 12. Bg5 h6 13. Bxf6 Qxf6 14. a4 Qe7 15. Rfe1 f5 16. g3 fxe4 17. Nh4 Bf5 18. Bg4 Bxg4 19. Nxg6 Qf6 20. Nxf8 Rxf8 21. Ra2 Bf3 22. h4 Qf5 23. Kh2 Nd3 24. Re3 Nb4 25. Qb1 Nxa2 26. Qxa2 Bf6 27. Qb1 Bxh4 28. gxh4 Qf4+ 29. Kg1 Qg4+ 0-1

[Event "OP-2010-0-01079"]
[Site "LSS email"]
[Date "2010.02.12"]
[Round "?"]
[White "Mraz, Andrew"]
[Black "Morin Montoya, Heron"]
[Result "1-0"]
[WhiteElo "1660"]
[BlackElo "2280"]
[PlyCount "52"]
[EventDate "2010.02.08"]
[EventType "tourn (corr)"]
[EventRounds "4"]
[EventCountry "GER"]
[SourceTitle "Corr 2022"]
[Source "ChessBase"]
[SourceDate "2021.10.24"]
[SourceVersion "1"]
[SourceVersionDate "2021.10.24"]
[SourceQuality "1"]

1. e4 c6 2. d4 d5 3. Nc3 dxe4 4. Nxe4 Bf5 5. Ng3 Bg6 6. h4 h6 7. Nf3 Nd7 8. Bd3 Bxd3 9. Qxd3 e6 10. Bf4 Ngf6 11. 0-0-0 Nd5 12. Bd2 Bd6 13. Ne4 Be7 14. g4 f5 15. gxf5 exf5 16. Ng3 g6 17. h5 gxh5 18. Qxf5 N7f6 19. Nxh5 Nxh5 20. Qxh5+ Kd7 21. Ne5+ Kc7 22. Nf7 Qf8 23. Nxh8 Qxh8 24. Bxh6 Nc3 25. bxc3 Ba3+ 26. Kd2 Bb4 1-0